00582naa#a2200181#i#4500001002200000005001700022011001400039100004100053102000700094200010700101210005100208215001000259608002700269675005200296700001800348700002000366856001400386EN\INFRA-M\bibl\9340120260513042601.3##a2306-627X##a20241228b2024####ek#y0engy0150####ca##aRU1#aEffectiveness of the Board of Directors and Company Performance: Evidence from RussiaeJournal article1#aMoscowcINFRA-M Academic Publishing LLC.d2024##a7 с.##aJournal article2local##aУправление кадрами. 331.108.26#1aBrandegM. M.#1aTishkinagN. P.4#azh-szf.ru